000 00271nam a22000857a 4500
100 _aधामा,तेजपाल सिंह
_974482
245 _aपुराणों की प्रेरक कहानियां
650 _aकहानी
_980364
942 _cHIN
999 _c63748
_d63748